Normal view MARC view
  • Sedgewick, Robert

Entry Personal Name

Number of records used in: 7

001 - CONTROL NUMBER

  • control field: 56482

003 - CONTROL NUMBER IDENTIFIER

  • control field: NUST

005 - DATE AND TIME OF LATEST TRANSACTION

  • control field: 20210628201719.0

008 - FIXED-LENGTH DATA ELEMENTS

  • fixed length control field: 210628|| aca||aabn | a|a d

040 ## - CATALOGING SOURCE

  • Original cataloging agency: NUST
  • Transcribing agency: NUST

100 ## - HEADING--PERSONAL NAME

  • Personal name: Sedgewick, Robert

670 ## - SOURCE DATA FOUND

  • Source citation: Work cat.: (NUST): Sedgewick, Robert, Algorithms in c plus plus fundamentals, data sturctures, sorting, searching, 2001
© 2023 Central Library, National University of Sciences and Technology. All Rights Reserved.